Asphalt plant manual. Ms-03 (Record no. 547785)

000 -LEADER
fixed length control field 00497nam a2200169 a 4500
082 00 - DEWEY DECIMAL CLASSIFICATION NUMBER
Classification number 625.85
Author Mark ASP
245 00 - TITLE STATEMENT
Title Asphalt plant manual. Ms-03
250 ## - EDITION STATEMENT
Edition statement 2nd ed.
260 ## - PUBLICATION, DISTRIBUTION, ETC.
Place of publication, distribution, etc. [College Park, Md., USA] :
Name of publisher, distributor, etc. Asphalt Institute,
Date of publication, distribution, etc. 1959
300 ## - PHYSICAL DESCRIPTION
Extent 151 P.
Other physical details ill. ;
Dimensions 23 cm.
490 1# - SERIES STATEMENT
Series statement Manual series ;
526 ## - STUDY PROGRAM INFORMATION NOTE
Program name 0
Interest level 0
Reading level 0
Title point value 625_850000000000000_ASP
650 #0 - SUBJECT ADDED ENTRY--TOPICAL TERM
Topical term or geographic name entry element Asphalt plants
General subdivision Handbooks, manuals, etc.
9 (RLIN) 43866
650 #0 - SUBJECT ADDED ENTRY--TOPICAL TERM
Topical term or geographic name entry element MCE
9 (RLIN) 379
710 2# - ADDED ENTRY--CORPORATE NAME
Corporate name or jurisdiction name as entry element Asphalt Institute.
9 (RLIN) 13616
942 ## - ADDED ENTRY ELEMENTS (KOHA)
Source of classification or shelving scheme
Koha item type Book
Holdings
Withdrawn status Lost status Source of classification or shelving scheme Damaged status Not for loan Permanent Location Current Location Date acquired Total Checkouts Full call number Barcode Date last seen Price effective from Koha item type
          Military College of Engineering (MCE) Military College of Engineering (MCE) 08/06/2014   625.85 ASP MCE-2810 08/06/2014 08/06/2014 Book
© 2023 Central Library, National University of Sciences and Technology. All Rights Reserved.